| 000 | 00515nam a22001937a 4500 | ||
|---|---|---|---|
| 003 | OSt | ||
| 005 | 20241029115401.0 | ||
| 008 | 241029b |||||||| |||| 00| 0 eng d | ||
| 040 | _cMRSPTU | ||
| 041 | _aENG | ||
| 082 |
_a372.6 _bKA-C |
||
| 100 | _aKadam J.R | ||
| 245 | _aCommunication Skills and Personality Development | ||
| 260 |
_aJodhpur _bScientific Pub. _c2020 |
||
| 300 | _a172 | ||
| 650 | _aEnglish , Communication SKILL | ||
| 700 | _aPatil V.G. , Dhenge S.A. & Murai A.M. | ||
| 942 |
_2ddc _cBK _n0 |
||
| 999 |
_c10401 _d10401 |
||